Môđun tựa tự do trên miền Dedekind = Quasi-free module over the Dedekind domain /
Sparad:
| Huvudupphovsman: | |
|---|---|
| Övriga upphovsmän: | |
| Materialtyp: | Artikel |
| Språk: | Vietnamese |
| Taggar: |
Lägg till en tagg
Inga taggar, Lägg till första taggen!
|
| Thư viện lưu trữ: | Thư viện Trường Đại học Đà Lạt |
|---|
| LEADER | 00797nam a2200229 4500 | ||
|---|---|---|---|
| 001 | DLU140164037 | ||
| 005 | ##20140912 | ||
| 040 | # | # | |a DLU |b vie |
| 041 | # | # | |a vie |
| 044 | # | # | |a vn |
| 100 | # | # | |a Mỵ Vinh Quang. |
| 245 | # | # | |a Môđun tựa tự do trên miền Dedekind = |b Quasi-free module over the Dedekind domain / |c Mỵ Vinh Quang, Phạm Viết Huy. |
| 700 | # | # | |a Phạm Viết Huy. |
| 773 | # | # | |t Tạp chí Khoa học Đại học Sư phạm TP. Hồ Chí Minh: Khoa học tự nhiên & công nghệ |g Số 47(81), 2013, tr. 5-16 |
| 920 | # | # | |a Phòng Tạp chí -- Trung tâm Thông tin - Thư viện Trường Đại học Đà Lạt |
| 900 | # | # | |a True |
| 911 | # | # | |a Hoàng Thị Huyền |
| 925 | # | # | |a G |
| 926 | # | # | |a A |
| 927 | # | # | |a BB |
| 980 | # | # | |a Thư viện Trường Đại học Đà Lạt |